Welcome to the Holygrace Academy Library

Please use search bar below to get started

RED DRAGON (Record no. 2409)

MARC details
000 -LEADER
fixed length control field 00595nam a22001457a 4500
020 ## - INTERNATIONAL STANDARD BOOK NUMBER
ISBN 978-0-099-11151-1
082 ## - DEWEY DECIMAL CLASSIFICATION NUMBER
Classification number 823
Item number HAR/R
100 ## - MAIN ENTRY--AUTHOR NAME
Personal name HARRIS, THOMAS
245 ## - TITLE STATEMENT
Title RED DRAGON
260 ## - PUBLICATION, DISTRIBUTION, ETC. (IMPRINT)
Place of publication LONDON
Name of publisher ARROW BOOKS
300 ## - PHYSICAL DESCRIPTION
Number of Pages 421
520 ## - SUMMARY, ETC.
Summary, etc Red Dragon is a 1986 crime novel by Thomas Harris. The story follows the psychological profiler Will Graham, who comes out of retirement to track down a serial killer. The novel is famous for introducing the character of Hannibal Lecter, who would play an expanded role in the novel's sequels.
650 ## - SUBJECT ADDED ENTRY--TOPICAL TERM
Topical Term NOVEL,ENGLISH
Geographic subdivision LONDON
942 ## - ADDED ENTRY ELEMENTS (KOHA)
Koha item type Books
Holdings
Withdrawn status Lost status Collection code Home library Current library Shelving location Date acquired Source of acquisition Full call number Accession Number Koha item type
    Fiction Main Library Main Library SHELF-2-D ENGLIAH NOVELS FOR TEACHERS 19/06/2010 PURCHASE 823 HAR/R 05443 Books